000 01166nam a22003377a 4500
003 CHAP
005 20220329140753.0
008 971013s1942 enk r 00010 eng d
010 _a57335
011 _a58307
035 _a62462
040 _cCHAP
082 0 4 _a591.942
_bS5
100 0 0 _aSmart, John
_eed.
_9106915
245 1 _aBibliography of key works for the identification of the British fauna and flora
260 _aLondon :
_bAssociation for the Study of Systematics in Relation to General Biology,
_c1942
300 _a105 p.
490 _aPublication
_v; 1
590 _aBATCH-UPD
_b10
_c20130110
_lUCH01
_h0522
590 _aBATCH-UPD
_b10
_c20130410
_lUCH01
_h0201
590 _aBATCH-UPD
_b10
_c20130410
_lUCH01
_h1623
590 _aBATCH-UPD
_b10
_c20130914
_lUCH01
_h0634
590 _aBATCH-UPD
_b10
_c20130914
_lUCH01
_h2139
590 _aCONVERSION
_b10
_c20130109
_lUCH01
_h1331
650 1 4 _aBiología
_xBibliografía
_xGran Bretaña.
_912777
650 1 4 _aZoología
_xBibliografía
_xGran Bretaña.
_9124161
830 0 _aPublication
_v; 1
_992792
901 _aBK
942 _cLIBRO
949 _a591.942 S5
_bBC
_cC
_d33724000496865
_eC
_h26126
_i62462
_si
999 _c57335
_d57335